[Photograph and photographs of a portrait of Richard Melsome Woolley] (Record no. 116755)
[ view plain ]
| 000 -LEADER | |
|---|---|
| fixed length control field | 00812ckc a22002295a 4500 |
| 001 - CONTROL NUMBER | |
| control field | L141692 |
| 008 - FIXED-LENGTH DATA ELEMENTS--GENERAL INFORMATION | |
| fixed length control field | 071213i19381950xxk eng u |
| 035 ## - SYSTEM CONTROL NUMBER | |
| System control number | (Sirsi) u141692 |
| 041 0# - LANGUAGE CODE | |
| Language code of text/sound track or separate title | eng |
| 110 2# - MAIN ENTRY--CORPORATE NAME | |
| Corporate name or jurisdiction name as entry element | Bassano and Vandyk |
| 9 (RLIN) | 5480 |
| 245 01 - TITLE STATEMENT | |
| Title | [Photograph and photographs of a portrait of Richard Melsome Woolley] |
| Medium | [graphic] |
| 260 ## - PUBLICATION, DISTRIBUTION, ETC. | |
| Date of publication, distribution, etc. | ca. 1938-1950 |
| 300 ## - PHYSICAL DESCRIPTION | |
| Extent | 3 photographs |
| Other physical details | b&w |
| Dimensions | 29 x 23 cm., or smaller |
| 340 ## - PHYSICAL MEDIUM | |
| Material base and configuration | Photograph |
| 351 ## - ORGANIZATION AND ARRANGEMENT OF MATERIALS | |
| Hierarchical level | Fonds |
| 500 ## - GENERAL NOTE | |
| General note | Collection includes two copies of a photograph of a portrait of Major M. Woolley, who was President of the Auctioneers' and Estate Agents' Institute from 1938-9. |
| 600 14 - SUBJECT ADDED ENTRY--PERSONAL NAME | |
| Personal name | Woolley, Richard Melsome |
| Titles and other words associated with a name | Major |
| 651 4# - SUBJECT ADDED ENTRY--GEOGRAPHIC NAME | |
| Geographic name | United Kingdom |
| Chronological subdivision | |
| 690 ## - LOCAL SUBJECT ADDED ENTRY--TOPICAL TERM (OCLC, RLIN) | |
| Topical term or geographic name as entry element | ABOUT RICS-RELATED ORGANISATIONS |
| 710 2# - ADDED ENTRY--CORPORATE NAME | |
| Corporate name or jurisdiction name as entry element | Laib, Paul |
| 942 ## - ADDED ENTRY ELEMENTS (KOHA) | |
| Suppress in OPAC | 0 |
| Withdrawn status | Lost status | Source of classification or shelving scheme | Damaged status | Not for loan | Home library | Current library | Shelving location | Date acquired | Total Checkouts | Full call number | Barcode | Date last seen | Copy number | Price effective from | Koha item type |
|---|---|---|---|---|---|---|---|---|---|---|---|---|---|---|---|
| Dewey Decimal Classification | Historic collection | Historic collection | Historic collection | 13/12/2007 | MAP CABINET DRAWER 2 | 141692-2001 | 06/08/2019 | 1 | 06/08/2019 | Archive |